| 000 | 01327cam a2200349 i 4500 | ||
|---|---|---|---|
| 001 | 200450078 | ||
| 999 |
_c200450078 _d68290 |
||
| 003 | TR-AnTOB | ||
| 005 | 20240815150442.0 | ||
| 007 | ta | ||
| 008 | 201223s2013 tu 000 0 tur d | ||
| 020 | _a9786056266973 | ||
| 040 |
_aKARATAY _beng _erda _cKARATAY _dTR-AnTOB |
||
| 041 | 0 | _atur | |
| 050 | 1 | 4 |
_aKKX1310 _b.K37353 2013 |
| 090 |
_aKKX1310 _b.K37353 2013 |
||
| 100 | 1 |
_aKarakaş, İsa _eauthor _963474 |
|
| 245 | 1 | 0 |
_aRisk değerlendirmesi ve rapor örnekleri: sözlüklü-açıklamalı-form ve belge örnekleriyle: _byeni uygulamalı iş sağlığı ve güvenliği / _cİsa Karakaş. |
| 246 | 3 | 0 | _aYeni uygulamalı iş sağlığı ve güvenliği. |
| 246 | 1 | 4 | _aTüm kamu kurumları ve belediye çalışanları için yeni iş sağlığı ve güvenliği uygulama rehberi. |
| 246 | 1 | 4 | _aYeni iş sağlığı ve güvenliği uygulama rehberi. |
| 250 | _aİkinci baskı. | ||
| 264 | 3 |
_aAnkara : _bBerikan Ofset ve Matbaacılık, _c2013. |
|
| 300 |
_a1088 pages ; _c23 cm |
||
| 336 |
_atext _btxt _2rdacontent |
||
| 337 |
_aunmediated _bn _2rdamedia |
||
| 338 |
_avolume _bnc _2rdacarrier |
||
| 650 | 7 |
_aİş hukuku ve mevzuatı _zTürkiye _2 _958185 |
|
| 650 | 0 |
_aİşçi hakları _zTürkiye _965335 |
|
| 650 | 0 |
_aEndüstriyel güvenlik _9115318 |
|
| 942 |
_2lcc _cBK |
||